[Event "Universal Spring Open"]
[Site "Warren, MI"]
[Date "2003.04.13"]
[Round "5"]
[White "Brooks, John"]
[Black "Finegold, Ben"]
[Result "0-1"]
[WhiteElo "2135"]
[BlackElo "2636"]
[PlyCount "82"]
[EventDate "2003.04.12"]

1. c4 c5 2. Nf3 Nf6 3. d4 cxd4 4. Nxd4 Nc6 5. Nb5 a6 6. N5c3 g6 7. e4 Bg7 8.
Be2 O-O 9. O-O d6 10. Be3 Be6 11. Nd2 Rc8 12. Rc1 Nd7 13. Nd5 Qa5 14. a4 Bxb2
15. Rb1 Bg7 16. Nb6 Nxb6 17. Bxb6 Qe5 18. f4 Qf6 19. g4 Bd7 20. g5 Qe6 21. f5
Qe5 22. Bg4 Nd4 23. Rf2 gxf5 24. Bxd4 Qxd4 25. Bxf5 e6 26. Bh3 Rc5 27. Rxb7
Rxg5+ 28. Bg2 Bc6 29. Rb1 Rg6 30. Kf1 Bh6 31. Qc2 Be3 32. Nf3 Qxe4 33. Ne1 Qg4
34. Rf3 Bxf3 35. Nxf3 Bc5 36. Rb3 e5 37. h3 Qf4 38. Ke1 e4 39. Qd2 Qxd2+ 40.
Nxd2 Rxg2 41. Nxe4 Re8 0-1

[Event "Flint April Tuesday Night Swiss"]
[Site "Flint, MI"]
[Date "2003.04.15"]
[Round "3"]
[White "Mandell, Ed"]
[Black "Poniatowski, Don"]
[Result "1-0"]
[WhiteElo "1243"]
[BlackElo "1298"]
[PlyCount "93"]
[EventDate "2003.04.01"]

1. d4 Nf6 2. e3 g6 3. b3 Bg7 4. Nf3 O-O 5. Nbd2 d6 6. c4 c5 7. Bb2 Nbd7 8. Bd3
Re8 9. d5 e5 10. e4 a6 11. a3 b6 12. b4 a5 13. Bc3 axb4 14. axb4 Bb7 15. O-O
Qc7 16. Qc2 Rxa1 17. Rxa1 Ra8 18. b5 Qc8 19. Nb1 Rxa1 20. Bxa1 Qa8 21. Qc3 Bh6
22. h3 Bg7 23. g4 h5 24. g5 Ne8 25. Qa3 Qxa3 26. Nxa3 f6 27. Nc2 Bc8 28. Kg2
fxg5 29. Nxg5 Ndf6 30. Kg3 Nh7 31. h4 Bh6 32. f4 exf4+ 33. Kxf4 Nxg5 34. hxg5
Bg7 35. e5 dxe5+ 36. Bxe5 Bxe5+ 37. Kxe5 Kf7 38. Ne3 Bd7 39. Ng2 Bf5 40. Nf4
Bxd3 41. Nxd3 Ke7 42. Nf4 Kf7 43. d6 Nxd6 44. Kxd6 h4 45. Kc6 Ke8 46. Kxb6 Kd7
47. Kxc5 1-0

[Event "Flint April Tuesday Night Swiss"]
[Site "Flint, MI"]
[Date "2003.04.15"]
[Round "3"]
[White "Hazzard, Bill"]
[Black "Davidovich, Manis"]
[Result "0-1"]
[WhiteElo "1622"]
[BlackElo "2117"]
[PlyCount "77"]
[EventDate "2003.04.01"]

1. d4 f5 2. Nf3 Nf6 3. Bg5 Ne4 4. Nbd2 Nxg5 5. Nxg5 e5 6. Nh3 exd4 7. Nf3 Bb4+
8. Nd2 O-O 9. a3 Bxd2+ 10. Qxd2 Nc6 11. g3 b6 12. Bg2 Ba6 13. O-O Qf6 14. Nf4
Rae8 15. Rfe1 Ne5 16. Rad1 c5 17. Nd5 Qd8 18. e4 fxe4 19. Bxe4 Ng4 20. f3 Ne5
21. Qg2 Bc4 22. f4 Ng4 23. h3 Nh6 24. g4 Kh8 25. Bd3 Bxd5 26. Qxd5 Qh4 27. Rxe8
Rxe8 28. Qg2 Re3 29. Kh2 Rxh3+ 30. Qxh3 Nxg4+ 31. Kg2 Ne3+ 32. Kh2 Qxh3+ 33.
Kxh3 Nxd1 34. b3 Nf2+ 35. Kg3 Nxd3 36. cxd3 d5 37. f5 b5 38. Kf4 c4 39. bxc4
0-1

[Event "Michigan Class A"]
[Site "Auburn Hills, MI"]
[Date "2003.04.26"]
[Round "2.7"]
[White "Zubatch, Steve"]
[Black "Katsuhara, Osamu"]
[Result "1-0"]
[WhiteElo "1821"]
[BlackElo "1871"]
[PlyCount "59"]
[EventDate "2003.04.26"]

1. e4 c5 2. Nf3 d6 3. d4 cxd4 4. Nxd4 Nf6 5. Nc3 a6 6. Bg5 e6 7. Qd2 Nbd7 8.
O-O-O Qc7 9. f3 b5 10. Bxb5 axb5 11. Ndxb5 Qb8 12. Nxd6+ Bxd6 13. Qxd6 Qxd6 14.
Rxd6 h6 15. Be3 Ke7 16. Rhd1 Ra6 17. Rxa6 Bxa6 18. b3 Rc8 19. Kb2 Rb8 20. Na4
Kd8 21. Bf4 Ra8 22. Nc5 Kc8 23. Nxa6 Rxa6 24. a4 e5 25. Be3 Kc7 26. c3 Nb6 27.
c4 Nfd7 28. c5 Nc8 29. Ka3 Ne7 30. b4 1-0

[Event "Michigan Class D/E"]
[Site "Auburn Hills, MI"]
[Date "2003.04.26"]
[Round "1.11"]
[White "Zaremba, Anatoli"]
[Black "Mandell, Sheldon"]
[Result "1-0"]
[WhiteElo "1195"]
[BlackElo "1302"]
[PlyCount "93"]
[EventDate "2003.04.26"]

1. d4 d5 2. c4 dxc4 3. Nc3 Bf5 4. Nf3 e6 5. e4 Bg4 6. Bxc4 Bb4 7. Be3 Nf6 8. e5
Nd5 9. Bxd5 exd5 10. O-O Bxc3 11. bxc3 Nd7 12. Bf4 O-O 13. Qd3 f6 14. exf6 Rxf6
15. Qe3 h6 16. Ne5 Nxe5 17. Bxe5 Rg6 18. f3 Bf5 19. Qf4 Bh3 20. Rf2 c6 21. Kh1
Be6 22. g4 Qg5 23. Qxg5 Rxg5 24. h4 Rg6 25. h5 Rg5 26. Bf4 Rf8 27. Bxg5 hxg5
28. Kg2 b5 29. Re1 Kf7 30. Rfe2 Re8 31. Kg3 a5 32. a3 Bd7 33. Rxe8 Bxe8 34. f4
gxf4+ 35. Kxf4 Bd7 36. Rh1 Kf6 37. h6 gxh6 38. Rxh6+ Kg7 39. Rd6 Be8 40. Kf5
Kf7 41. g5 Ke7 42. Re6+ Kf7 43. g6+ Kf8 44. Kf6 Bd7 45. g7+ Kg8 46. Re7 b4 47.
Rxd7 1-0

[Event "Michigan Class D/E"]
[Site "Auburn Hills, MI"]
[Date "2003.04.26"]
[Round "1.6"]
[White "Worley, Ron"]
[Black "Budzenski, Jonathan"]
[Result "0-1"]
[WhiteElo "1370"]
[BlackElo "1231"]
[PlyCount "58"]
[EventDate "2003.04.26"]

1. e4 e5 2. f4 exf4 3. Nf3 Nc6 4. Bc4 d6 5. O-O Be7 6. d4 Nf6 7. Nc3 O-O 8.
Bxf4 Bg4 9. h3 Bh5 10. d5 Ne5 11. Bxe5 Bxf3 12. Qxf3 dxe5 13. Rad1 Qd7 14. Bb5
Qd8 15. Qf5 a6 16. Ba4 b5 17. Bb3 Re8 18. Ne2 Bd6 19. c4 bxc4 20. Bxc4 Qd7 21.
Qxd7 Nxd7 22. Nc3 Reb8 23. Rd2 Nf6 24. Kh1 Bb4 25. Re1 Bc5 26. g4 h6 27. Bb3
Bd4 28. Ba4 Rb4 29. a3 Bxc3 0-1

[Event "Michigan Class B"]
[Site "Auburn Hills, MI"]
[Date "2003.04.26"]
[Round "2.1"]
[White "Wood, Jack"]
[Black "Matias, I.C."]
[Result "1/2-1/2"]
[WhiteElo "1647"]
[BlackElo "1742"]
[PlyCount "62"]
[EventDate "2003.04.26"]

1. e4 c6 2. d4 d5 3. Nc3 dxe4 4. Nxe4 Bf5 5. Ng3 Bg6 6. Bc4 e6 7. N1e2 Nd7 8.
O-O Ngf6 9. f4 Nb6 10. Bb3 Qd7 11. c3 Bd6 12. f5 exf5 13. Bc2 Ne4 14. Nxe4 fxe4
15. Nf4 Bxf4 16. Rxf4 Nd5 17. Rxe4+ Bxe4 18. Bxe4 Qe6 19. Bd3 O-O 20. Bd2 Rae8
21. Qf3 Nf6 22. Re1 Qg4 23. Rxe8 Rxe8 24. Kf2 Qxf3+ 25. Kxf3 g6 26. g4 Kg7 27.
Bf4 Nd7 28. g5 f6 29. gxf6+ Kxf6 30. h4 Re1 31. a3 Rd1 {Remainder illegible,
60?} 1/2-1/2

[Event "Michigan Class D/E"]
[Site "Auburn Hills, MI"]
[Date "2003.04.26"]
[Round "1.8"]
[White "Whatling, David"]
[Black "Dumas, Steve"]
[Result "1-0"]
[WhiteElo "1336"]
[BlackElo "1207"]
[Annotator "Tim McGrew"]
[PlyCount "59"]
[EventDate "2003.04.26"]

{Alekhine: Maroczy} 1. e4 Nf6 2. d3 d5 3. e5 Ng4 $6 {This exposes the knight
too much.} ({Instead,} 3... Nfd7 {is best, intending to set up a French
formation with ...e6 and ...c5.}) ({Even} 3... Ng8 $5 {comes into
consideration.}) 4. d4 Nh6 5. Bxh6 gxh6 6. Nf3 Bg4 7. Be2 e6 8. h3 Bxf3 9. Bxf3
c5 10. c3 Qb6 11. Qd2 cxd4 12. cxd4 Nc6 13. O-O Nxd4 {Having won a pawn, Black
should be in good shape. But now he finds it difficult to come up with the
right plan.} 14. Bg4 Bc5 {This is not bad, but why not pick on White's e-pawn
while it is exposed and hard to defend?} (14... Bg7 $1 {hits White where he is
weakest. Defending the pawn with 15.f4?? is out of the question, so White has
to bumble around with pieces:} 15. Re1 Nc6 16. Qc3 Qb4 17. Qxb4 Nxb4 18. Na3
Nd3) 15. Kh1 {Sensibly getting off of the hot diagonal so that he can
reinforce his e-pawn with f4.} Qc7 16. f4 O-O-O $4 {Oh no! Castling puts the
king on the wrong square at the wrong time. This is a good example of
"geometry" in chess: the king and queen are on the same file, so bad things
are bound to happen there...} 17. Rc1 $6 {This is the right idea at the wrong
time.} ({The right way to win material is} 17. b4 $1 Bb6 18. Rc1 Nc6 19. b5 {
and Black drops the piece.}) 17... Nf5 $2 {Black is blind to the danger on the
hot file and ends up losing a piece after all.} (17... Kb8 $1 {takes the king
off of the c-file, when play becomes more nearly level. Now} 18. b4 $2 {does
not work because of} Bxb4 $1 19. Rxc7 $2 Bxd2 {and Black picks up more than
his share of material.}) 18. Bxf5 exf5 19. b4 $1 (19. b4 {Finally! Now} Bxb4 {
fails because} 20. Rxc7+ {is check.}) 19... b6 20. bxc5 Kb7 21. Na3 (21. cxb6
$1 {is even more efficient. When you are ripping into the enemy king-side,
it's not a bad rule of thumb to open lines whenever possible.}) 21... d4 22.
cxb6 {There we go!} Qb8 23. Rc7+ ({Who can complain about this? But} 23. bxa7 {
is also very strong -- see the note to move 21.}) 23... Ka8 24. Rxa7+ Qxa7 25.
bxa7 Rd7 26. Nc4 Rxa7 27. Qxd4 Rb8 28. Qd5+ Rab7 29. Nb6+ $1 {Forcing mate in
an attractive fashion.} Ka7 30. Qa5# 1-0

[Event "Michigan Class B"]
[Site "Auburn Hills, MI"]
[Date "2003.04.26"]
[Round "2.8"]
[White "West, Tony"]
[Black "Moroney, Timothy"]
[Result "1-0"]
[WhiteElo "1779"]
[BlackElo "1770"]
[PlyCount "90"]
[EventDate "2003.04.26"]

1. e4 d6 2. d4 Nf6 3. Nc3 c6 4. Nf3 Bg4 5. h3 Bh5 6. Be2 e6 7. O-O Be7 8. Be3
d5 9. Nd2 Bxe2 10. Qxe2 O-O 11. e5 Nfd7 12. Qg4 Re8 13. f4 f5 14. exf6 Bxf6 15.
Nf3 c5 16. Ne2 Nc6 17. c3 cxd4 18. cxd4 Qb6 19. Bf2 Qxb2 20. Ne5 Nb6 21. a4 Qb4
22. a5 Nc8 23. Rfb1 Qe7 24. a6 Nb6 25. Nc1 Bxe5 26. axb7 Rab8 27. fxe5 Rxb7 28.
Nd3 Nc4 29. Rf1 Nd2 30. Bh4 Qc7 31. Rf6 Nxd4 32. Rc1 Qb6 33. Rf2 N4b3 34. Qa4
Reb8 35. Rc6 Qd4 36. Qa6 Ne4 37. Rc8+ Rxc8 38. Qxb7 Rf8 39. Qxb3 Nxf2 40. Bxf2
Qc4 41. Qxc4 dxc4 42. Nc5 c3 43. Be3 Rc8 44. Nxe6 c2 45. Bc1 a6 1-0

[Event "Michigan Class B"]
[Site "Auburn Hills, MI"]
[Date "2003.04.26"]
[Round "1.6"]
[White "West, Aaron"]
[Black "Gregory, Kevin"]
[Result "1/2-1/2"]
[WhiteElo "1601"]
[BlackElo "1714"]
[PlyCount "55"]
[EventDate "2003.04.26"]

1. e4 c5 2. Nf3 d6 3. d4 cxd4 4. Nxd4 Nf6 5. Nc3 g6 6. Be3 Bg7 7. Be2 Nc6 8.
Qd2 O-O 9. f3 Bd7 10. O-O-O Nxd4 11. Bxd4 Qa5 12. g4 Be6 13. Kb1 Rfc8 14. a3 a6
15. g5 Nd7 16. Bxg7 Kxg7 17. Qd4+ Qe5 18. f4 Qxd4 19. Rxd4 Nb6 20. h4 Rc5 21.
h5 Rac8 22. Rd2 Nc4 23. Bxc4 Rxc4 24. Rdh2 Rh8 25. h6+ Kf8 26. Rd2 Ke8 27. Rf1
Rc5 28. Rd4 1/2-1/2

[Event "Michigan Class D/E"]
[Site "Auburn Hills, MI"]
[Date "2003.04.26"]
[Round "1.9"]
[White "Vasos, John"]
[Black "Hodge, Larry"]
[Result "0-1"]
[WhiteElo "1200"]
[BlackElo "1320"]
[PlyCount "54"]
[EventDate "2003.04.26"]

1. e4 e5 2. Nf3 Nc6 3. Bc4 Bc5 4. Nc3 Nf6 5. d3 a6 6. a4 d6 7. Bg5 h6 8. Bxf6
Qxf6 9. Nd5 Qd8 10. c3 Bg4 11. b4 Ba7 12. Ne3 Bxe3 13. fxe3 O-O 14. O-O Ne7 15.
d4 exd4 16. exd4 d5 17. Bd3 c6 18. Qc2 dxe4 19. Bxe4 Nd5 20. Rae1 Re8 21. Ne5
Be6 22. Bh7+ Kh8 23. Nxf7+ Bxf7 24. Be4 Nf6 25. Rf4 Bd5 26. Rxf6 Qxf6 27. Rf1
Bxe4 0-1

[Event "Michigan Class A"]
[Site "Auburn Hills, MI"]
[Date "2003.04.26"]
[Round "2.5"]
[White "Vandivier, Don"]
[Black "Skidmore, Mike"]
[Result "1/2-1/2"]
[WhiteElo "1892"]
[BlackElo "1833"]
[PlyCount "59"]
[EventDate "2003.04.26"]

1. e4 c6 2. Nc3 d5 3. Nf3 Bg4 4. exd5 cxd5 5. h3 Bxf3 6. Qxf3 e6 7. d4 Nc6 8.
Be3 Bb4 9. Bb5 Nge7 10. O-O Qb6 11. Bxc6+ Qxc6 12. Bd2 Nf5 13. Qd3 O-O 14. a3
Ba5 15. Ne2 Bxd2 16. Qxd2 Rac8 17. c3 Nd6 18. Rab1 Nc4 19. Qd3 Qb5 20. Rfd1 h6
21. Ng3 a6 22. f4 Qb3 23. f5 Nxb2 24. Qe2 Qxc3 25. Rxb2 Qxg3 26. fxe6 Rfe8 27.
exf7+ Kxf7 28. Rxb7+ Kg8 29. Re7 Qg6 30. Re1 1/2-1/2

[Event "Michigan Class D/E"]
[Site "Auburn Hills, MI"]
[Date "2003.04.26"]
[Round "3.10"]
[White "Thach, Scott"]
[Black "Culverson, Javin"]
[Result "1-0"]
[WhiteElo "1381"]
[BlackElo "1117"]
[PlyCount "123"]
[EventDate "2003.04.26"]

1. e4 Nf6 2. d3 d5 3. e5 Nfd7 4. Nf3 e6 5. Be2 c5 6. c3 Nc6 7. d4 Qb6 8. Qb3
Be7 9. Qxb6 Nxb6 10. Be3 cxd4 11. Bxd4 Nc4 12. Bxc4 dxc4 13. Nbd2 b5 14. O-O
O-O 15. Rfe1 a5 16. Rad1 Ba6 17. Ne4 Nxd4 18. Nxd4 b4 19. Nc6 Rfe8 20. Rd7 Kf8
21. Nd6 Bxd6 22. exd6 Bb5 23. Rc7 Bxc6 24. Rxc6 Rec8 25. Rxc8+ Rxc8 26. Rd1
bxc3 27. bxc3 Rb8 28. g3 Ke8 29. Rd4 Kd7 30. Rxc4 Kxd6 31. Ra4 Rb5 32. c4 Rc5
33. Kg2 Ke5 34. Ra3 Kd4 35. Rb3 Rc7 36. Rb5 Kxc4 37. Rxa5 g6 38. Kf3 Kd4 39. h4
Rd7 40. Ra4+ Ke5 41. Ke3 h5 42. Re4+ Kf5 43. Ra4 e5 44. Rb4 Ra7 45. a4 f6 46.
f3 g5 47. hxg5 fxg5 48. g4+ hxg4 49. fxg4+ Kf6 50. Ke4 Ra6 51. Kd3 Ke6 52. Ke4
Ra5 53. Kd3 Rd5+ 54. Kc3 Rc5+ 55. Rc4 Ra5 56. Kb4 Kd5 57. Rc1 Rxa4+ 58. Kxa4
Ke4 59. Rf1 Ke3 60. Rf5 e4 61. Rxg5 Kf4 62. Rg8 1-0

[Event "Michigan Novice"]
[Site "Auburn Hills, MI"]
[Date "2003.04.26"]
[Round "2.2"]
[White "Stapel, Scott"]
[Black "Decker, James"]
[Result "1-0"]
[WhiteElo "987"]
[BlackElo "811"]
[PlyCount "67"]
[EventDate "2003.04.26"]

1. e4 e5 2. Nf3 Nc6 3. Bc4 Bc5 4. c3 Nf6 5. d3 Ng4 6. Bxf7+ Kf8 7. O-O h6 8.
Bb3 Nf6 9. d4 exd4 10. cxd4 Bxd4 11. Nxd4 Nxe4 12. Nxc6 bxc6 13. Qf3+ Nf6 14.
Nc3 d5 15. Be3 Bb7 16. Bc5+ Kf7 17. Rfe1 Re8 18. Rxe8 Qxe8 19. h3 Qd7 20. Re1
Re8 21. Rxe8 Qxe8 22. Ne2 Ba6 23. Bd1 Qe5 24. Bd4 Qd6 25. Bxa7 Qb4 26. Nf4 Qxb2
27. Bb3 Qc1+ 28. Kh2 g5 29. Nd3 Qd2 30. Ne5+ Kg7 31. Nxc6 Ne4 32. Bd4+ Kg6 33.
Ne7+ Kh7 34. Qf5# 1-0

[Event "Michigan Class D/E"]
[Site "Auburn Hills, MI"]
[Date "2003.04.26"]
[Round "2.6"]
[White "Speight, Timothy"]
[Black "Cohle, Stephen"]
[Result "1-0"]
[WhiteElo "1275"]
[BlackElo "1010"]
[PlyCount "63"]
[EventDate "2003.04.26"]

1. e4 c5 2. Nf3 d6 3. d4 cxd4 4. Nxd4 Nf6 5. Nc3 g6 6. Bc4 Bg7 7. f3 e5 8. Ndb5
O-O 9. Nxd6 Qc7 10. Bg5 Be6 11. Bxe6 fxe6 12. Ndb5 Qb6 13. Qd6 Qxd6 14. Nxd6
Nc6 15. O-O Rab8 16. Rf2 a6 17. Nc4 b5 18. Ne3 Nh5 19. Ng4 h6 20. Nxh6+ Kh7 21.
Ng4 Nf4 22. Rd1 Nd4 23. Rfd2 b4 24. Na4 Rfc8 25. Bf6 Nde2+ 26. Kf2 Nd4 27. Bxe5
Bxe5 28. Nxe5 Nxc2 29. Rd7+ Kh6 30. Ng4+ Kg5 31. h4+ Kh5 32. Rh7# 1-0

[Event "Michigan Class C"]
[Site "Auburn Hills, MI"]
[Date "2003.04.26"]
[Round "2.10"]
[White "Smeckert, Dennis"]
[Black "Vasos, Brandon"]
[Result "1-0"]
[WhiteElo "1468"]
[BlackElo "1445"]
[PlyCount "81"]
[EventDate "2003.04.26"]

1. e4 e6 2. d4 d5 3. exd5 exd5 4. Bd3 Nc6 5. c3 Bd6 6. Nf3 Bg4 7. Be3 Nf6 8.
Nbd2 O-O 9. h3 Bh5 10. O-O Re8 11. Qc2 Bg6 12. Bxg6 hxg6 13. a3 Ne4 14. Rac1
Re7 15. c4 Ng3 16. Rfe1 dxc4 17. fxg3 Bxg3 18. Bf2 Rxe1+ 19. Rxe1 Bxf2+ 20.
Kxf2 Nxd4 21. Qxc4 Nxf3 22. Nxf3 Qf6 23. Qc3 Qb6+ 24. Kf1 Qb5+ 25. Kg1 Qb6+ 26.
Kh1 Qd6 27. Rc1 Rc8 28. b4 b6 29. Qc6 Qf4 30. Re1 Qd6 31. Re8+ Rxe8 32. Qxe8+
Qf8 33. Qxf8+ Kxf8 34. Kg1 Ke7 35. Kf2 a6 36. Ke3 Kd6 37. Kd3 b5 38. Kd4 f6 39.
Nd2 c5+ 40. bxc5+ Kc6 41. g4 1-0

[Event "Michigan Class C"]
[Site "Auburn Hills, MI"]
[Date "2003.04.26"]
[Round "1.4"]
[White "Smeckert, Dennis"]
[Black "Aldrich, Justin"]
[Result "0-1"]
[WhiteElo "1468"]
[BlackElo "1558"]
[PlyCount "82"]
[EventDate "2003.04.26"]

1. e4 e5 2. Nc3 Nf6 3. g3 Bc5 4. Bg2 Nc6 5. d3 O-O 6. Nge2 h6 7. O-O a6 8. h3
d6 9. g4 Nh7 10. Ng3 Ne7 11. Be3 Bxe3 12. fxe3 Ng6 13. Nf5 Nh4 14. Nxh4 Qxh4
15. Qe1 Qg5 16. Qg3 h5 17. Nd5 c6 18. Nb6 Rb8 19. Nxc8 Rbxc8 20. Rf5 h4 21. Qf2
Qe7 22. Qe2 Rcd8 23. c4 g6 24. Rff1 Ng5 25. b4 b5 26. Rac1 Ne6 27. Rf3 Rc8 28.
Qf2 Ng5 29. Rf4 exf4 30. exf4 Ne6 31. g5 Kg7 32. Qxh4 Rh8 33. Qg4 Qa7+ 34. c5
dxc5 35. bxc5 Nxc5 36. d4 Ne6 37. f5 Qxd4+ 38. Kh1 Qe3 39. Rf1 Qxg5 40. fxg6
Qxg4 41. Rxf7+ Kg8 0-1

[Event "Michigan Class A"]
[Site "Auburn Hills, MI"]
[Date "2003.04.26"]
[Round "1.3"]
[White "Skidmore, Mike"]
[Black "Kriseler, Mark"]
[Result "1/2-1/2"]
[WhiteElo "1833"]
[BlackElo "1914"]
[PlyCount "49"]
[EventDate "2003.04.26"]

1. e4 e6 2. d4 b6 3. Nf3 Bb7 4. Nbd2 Nf6 5. Bd3 Nc6 6. c3 Qe7 7. Qe2 g5 8. e5
Nd5 9. Nxg5 h6 10. Nde4 O-O-O 11. Qh5 Nxd4 12. Qxf7 hxg5 13. Qxe7 Bxe7 14. cxd4
Nf4 15. Bxf4 gxf4 16. f3 Rdg8 17. O-O Bxe4 18. fxe4 c5 19. Rxf4 cxd4 20. Rc1+
Kd8 21. Ba6 Bg5 22. Rc8+ Ke7 23. Rxg8 Rxg8 24. Rf3 Rf8 25. Rxf8 1/2-1/2

[Event "Michigan Class A"]
[Site "Auburn Hills, MI"]
[Date "2003.04.26"]
[Round "3.4"]
[White "Skidmore, Mike"]
[Black "Ho, Randy"]
[Result "0-1"]
[WhiteElo "1833"]
[BlackElo "1888"]
[PlyCount "109"]
[EventDate "2003.04.26"]

1. e4 d6 2. Nf3 Nf6 3. Nc3 c6 4. d4 Bg4 5. Be2 e6 6. O-O Be7 7. h3 Bh5 8. Be3
d5 9. e5 Nfd7 10. Nb1 O-O 11. Nh2 Bg6 12. Nd2 c5 13. c3 Nc6 14. a3 Rc8 15. Ndf3
c4 16. Nd2 Qc7 17. f4 f6 18. Bg4 Bf5 19. Be2 Qb6 20. exf6 Bxf6 21. Qc1 Na5 22.
Nhf3 Rfe8 23. Bf2 Be7 24. Ng5 Bg6 25. Bg4 Bf5 26. Bxf5 exf5 27. Ngf3 Nf6 28.
Rb1 Ne4 29. Ne5 Qh6 30. Ndf3 Bd6 31. Be3 Be7 32. Qe1 Nc6 33. Nxc6 Rxc6 34. Ne5
Bh4 35. Qd1 Rc7 36. Qa4 Ra8 37. Qa5 Qd6 38. Nf3 Bd8 39. Qa4 Qe6 40. Ne5 Be7 41.
Qd1 Qh6 42. Qf3 Rf8 43. Rbd1 Qe6 44. Bc1 a6 45. Rde1 b5 46. Rd1 a5 47. g3 Rb8
48. Be3 b4 49. axb4 axb4 50. cxb4 Rxb4 51. g4 Rxb2 52. Ra1 Bf8 53. Ra8 Rc8 54.
Ra7 c3 55. gxf5 {Remainder illegible, 58?} 0-1

[Event "Michigan Class D/E"]
[Site "Auburn Hills, MI"]
[Date "2003.04.26"]
[Round "2.1"]
[White "Sanders, Travis"]
[Black "Crane, John"]
[Result "0-1"]
[WhiteElo "1367"]
[BlackElo "1246"]
[PlyCount "106"]
[EventDate "2003.04.26"]

1. e4 d6 2. d4 g6 3. f4 Bg7 4. Nf3 c5 5. Be3 Qb6 6. b3 Nc6 7. c3 Bg4 8. Be2
Bxf3 9. Bxf3 cxd4 10. cxd4 Nxd4 11. Bf2 Qb4+ 12. Nd2 Nxf3+ 13. Qxf3 Bxa1 14.
O-O Qxd2 15. Rxa1 Rc8 16. Be3 Qa5 17. e5 dxe5 18. Qxb7 Rd8 19. Bxa7 Nf6 20. Bb6
Qd5 21. Qxd5 Rxd5 22. fxe5 Rxe5 23. a4 O-O 24. a5 Rb5 25. b4 Ra8 26. Bc5 e5 27.
Ra4 Ne4 28. Be7 Rc8 29. h3 Nc3 30. Ra3 Nd5 31. Bd6 e4 32. Rb3 Rc3 33. Rb2 Rc4
34. a6 Nxb4 35. a7 Ra5 36. Rxb4 Rxb4 37. Bxb4 Rxa7 38. Kf2 f5 39. g3 Ra2+ 40.
Ke3 Rb2 41. Bc5 Rb8 42. Kf4 h6 43. g4 g5+ 44. Kxf5 Rb5 45. Kxe4 Rxc5 46. Kf3
Kf7 47. Kg3 Rc3+ 48. Kg2 Ke6 49. Kh2 Ke5 50. h4 gxh4 51. Kg1 Kf4 52. Kh1 Kg3
53. Kg1 Rc1# 0-1

[Event "Michigan Masters/Experts"]
[Site "Auburn Hills, MI"]
[Date "2003.04.26"]
[Round "2.1"]
[White "Rogers, Bradley"]
[Black "Finegold, Ben"]
[Result "0-1"]
[WhiteElo "2056"]
[BlackElo "2636"]
[PlyCount "86"]
[EventDate "2003.04.26"]

1. d4 Nf6 2. Nf3 g6 3. g3 Bg7 4. Bg2 O-O 5. O-O d6 6. b3 Nbd7 7. Bb2 c6 8. Nbd2
a5 9. a3 a4 10. b4 d5 11. Re1 Nb6 12. Ne5 Nfd7 13. e4 Nxe5 14. dxe5 dxe4 15.
Bxe4 Qc7 16. Bd3 Be6 17. Qe2 Rfd8 18. Nf3 Bg4 19. Qe4 Bf5 20. Qe2 Bg4 21. Qe4
Bxf3 22. Qxf3 e6 23. Qe2 Rd7 24. h4 Rad8 25. h5 c5 26. Qg4 c4 27. Be4 c3 28.
Bc1 Qxe5 29. Bf4 Qxh5 30. Qxh5 gxh5 31. Bf3 Nd5 32. Bg5 Bf6 33. Bxf6 Nxf6 34.
Re3 Rc7 35. Be2 Rd2 36. Ra2 Ng4 37. Re4 f5 38. Rc4 Rxc4 39. Bxc4 Kf7 40. Bb5
Nxf2 41. Bxa4 Ne4 42. Bb3 Nxg3 43. a4 h4 0-1

[Event "Michigan Class A"]
[Site "Auburn Hills, MI"]
[Date "2003.04.26"]
[Round "2.1"]
[White "Roe, Philip"]
[Black "Gadson, Joseph"]
[Result "1/2-1/2"]
[WhiteElo "1965"]
[BlackElo "1830"]
[PlyCount "81"]
[EventDate "2003.04.26"]

1. e4 c5 2. Nf3 Nc6 3. d4 cxd4 4. Nxd4 Nf6 5. Nc3 e5 6. Ndb5 d6 7. Nd5 Nxd5 8.
exd5 Nb8 9. c4 Nd7 10. Be2 Be7 11. O-O O-O 12. Be3 a6 13. Nc3 f5 14. f3 Rf6 15.
a4 f4 16. Bf2 Rh6 17. Ne4 Bh4 18. Qe1 Bxf2+ 19. Qxf2 Nf6 20. Bd3 Nh5 21. Rfd1
g5 22. c5 dxc5 23. Qxc5 g4 24. d6 gxf3 25. Qxe5 Ng7 26. d7 Bxd7 27. Bc4+ Kh8
28. Ng5 Qb6+ 29. Qd4 Be8 30. Nxf3 Rf6 31. b3 Nf5 32. Qxb6 Rxb6 33. Rd3 Ne3 34.
Ne5 Bg6 35. Rd7 Nxc4 36. bxc4 Rg8 37. Rf1 Rb2 38. g3 fxg3 39. Nxg6+ Rxg6 40.
Rf8+ Rg8 41. Rxg8+ 1/2-1/2

[Event "Michigan Class C"]
[Site "Auburn Hills, MI"]
[Date "2003.04.26"]
[Round "2.1"]
[White "Prong, Clint"]
[Black "Wilder, Derek"]
[Result "1-0"]
[WhiteElo "1582"]
[BlackElo "1504"]
[PlyCount "83"]
[EventDate "2003.04.26"]

1. e4 c5 2. Nf3 Nc6 3. d4 cxd4 4. Nxd4 Nf6 5. Nc3 e5 6. Ndb5 d6 7. Nd5 Nxd5 8.
exd5 Nb8 9. c4 Nd7 10. Be3 Be7 11. Bd3 O-O 12. O-O a6 13. Nc3 f5 14. Bc2 Nf6
15. f3 Bd7 16. Qd2 Qc8 17. Bb3 f4 18. Bf2 Kh8 19. Rac1 Qe8 20. Bc2 Rc8 21. b3
Qh5 22. Ne4 Nxe4 23. Bxe4 Rf6 24. g3 Rh6 25. Be1 Bh3 26. g4 Qg5 27. Rf2 Bd8 28.
Bf5 Rc7 29. Qd3 Rf7 30. Bb4 Rhf6 31. Be6 h5 32. Bxf7 Rxf7 33. Bxd6 hxg4 34. Kh1
g3 35. Re2 Rf5 36. Rce1 Bf6 37. Bc7 Qh4 38. Bxe5 g2+ 39. Kg1 Bd8 40. Bd4 Ba5
41. Re8+ Kh7 42. R1e7 1-0

[Event "Michigan Class D/E"]
[Site "Auburn Hills, MI"]
[Date "2003.04.26"]
[Round "3.2"]
[White "Pratt, Gary"]
[Black "Budzenski, Jonathan"]
[Result "1-0"]
[WhiteElo "1391"]
[BlackElo "1231"]
[Annotator "Tim McGrew"]
[PlyCount "33"]
[EventDate "2003.04.26"]

{Italian} 1. e4 e5 2. Nf3 Nc6 3. Bc4 Bc5 4. O-O Nf6 5. d4 Bxd4 (5... exd4 {
would lead us into the Max Lange Attack, but Black believes he is getting away
with a pawn for nothing.}) 6. Nxd4 Nxd4 7. f4 $5 {This relatively obscure
variation was a great favorite of George Koltanowski, who gives many of his
games with it in his book Adventures of a Chess Master. It is certainly tricky
for Black to meet!} Nc6 $2 {This is not one of the successful defenses. White
wastes no time showing us why.##} 8. Bxf7+ $1 Kxf7 9. fxe5 Qe7 ({After} 9...
Nxe5 10. Qd5+ {White regains the sacrificed piece anyway.}) 10. exf6 gxf6 11.
Qh5+ $1 Kg8 12. Nc3 {A minor bit of imprecision in a won position.} (12. Bh6 $1
{is best, setting up the fantastic threat of mate by} -- 13. Rxf6 Qxf6 14. Qe8+
Qf8 15. Qxf8#) 12... Qf7 13. Qh4 b6 14. Rxf6 Qg7 15. Bh6 Qe7 16. Qg5+ Qg7 17.
Qxg7# {An almost flawless game from White; for Black, an unhappy reminder of
what it means to be caught in an opening trap.} 1-0